Prosa del 27 : (Record no. 17365)

MARC details
000 -LEADER
campo de control de longitud fija 01482nam a2200301 i 4500
001 - NÚMERO DE CONTROL
campo de control 17365
003 - IDENTIFICADOR DE NÚMERO DE CONTROL
campo de control ES-MaACL
005 - FECHA Y HORA DE LA ÚLTIMA TRANSACCIÓN
campo de control 20260525062923.0
007 - CAMPO FIJO DE DESCRIPCIÓN FÍSICA--INFORMACIÓN GENERAL
campo de control de longitud fija t|
008 - DATOS DE LONGITUD FIJA--INFORMACIÓN GENERAL
campo de control de longitud fija 010226s2000 sp ||||1| spa d
020 ## - NÚMERO INTERNACIONAL ESTÁNDAR DEL LIBRO
Número Internacional Estándar del Libro 84-239-7504-5
080 ## - NÚMERO DE LA CLASIFICACIÓN DECIMAL UNIVERSAL
Número de la Clasificación Decimal Universal 821.134.2"19"(082.2)
245 00 - MENCIÓN DEL TÍTULO
Título Prosa del 27 :
Resto del título antología /
Mención de responsabilidad, etc. R. Alberti, V. Aleixandre, D. Alonso ... [et al.] ; edición, Domingo Ródenas.
260 ## - PUBLICACIÓN, DISTRIBUCIÓN, ETC.
Lugar de publicación, distribución, etc. Madrid :
Nombre del editor, distribuidor, etc. Espasa-Calpe,
Fecha de publicación, distribución, etc. [2000]
300 ## - DESCRIPCIÓN FÍSICA
Extensión 525 p. ;
Dimensiones 18 cm.
490 1# - MENCIÓN DE SERIE
Mención de serie Colección austral ;
Designación de volumen o secuencia 504
504 ## - NOTA DE BIBLIOGRAFÍA, ETC.
Nota de bibliografía, etc. Bibliografía: p. [119]-128.
505 8# - NOTA DE CONTENIDO CON FORMATO
Nota de contenido con formato Contiene: R. Alberti . V. Aleixandre . D. Alonso . V.A. Álvarez . C.M. Arconada . M. Aub . F. Ayala . M. Bacarisse . Corpus Barga . J. Bergamín . L. Buñuel . L. Cernuda . J. Chabás . R. Chacel . J. Díaz Fernández . G. Diego . J.J. Domenchina . A. Espina . A. Espinosa . F. García Lorca . E. Giménez Caballero . J. Guillén . J.M.ª Hinojosa . B. Jarnés . J. Larrea . A. Marichalar . J. Moreno Villa . P. Salinas . C. de la Torre . G. de Torre . F. Vela . M.ª Zambrano
650 #4 - PUNTO DE ACCESO ADICIONAL DE MATERIA--TÉRMINO DE MATERIA
Término de materia o nombre geográfico como elemento de entrada Literatura española-
Subdivisión cronológica S.XX.
9 (RLIN) 148763
650 #4 - PUNTO DE ACCESO ADICIONAL DE MATERIA--TÉRMINO DE MATERIA
Término de materia o nombre geográfico como elemento de entrada Generación del 27 (Literatura)
9 (RLIN) 13050
700 1# - ENTRADA AGREGADA--NOMBRE PERSONAL
Nombre de persona Alberti, Rafael,
Fechas asociadas al nombre 1902-1999
9 (RLIN) 240174
700 1# - ENTRADA AGREGADA--NOMBRE PERSONAL
Nombre de persona Aleixandre, Vicente,
Fechas asociadas al nombre 1898-1984
9 (RLIN) 19688
700 1# - ENTRADA AGREGADA--NOMBRE PERSONAL
Nombre de persona Alonso, Dámaso,
Fechas asociadas al nombre 1898-1990
9 (RLIN) 20195
700 1# - ENTRADA AGREGADA--NOMBRE PERSONAL
Nombre de persona Ródenas de Moya, Domingo.
9 (RLIN) 98116
830 1# - PUNTO DE ACCESO ADICIONAL DE SERIE-TÍTULO UNIFORME
Título uniforme Colección austral
Designación de volumen o secuencia 504
9 (RLIN) 177655
852 4# - LOCALIZACIÓN
Ubicación ES-MaACL
Número de control de estantería L-24435
Holdings
Estatus retirado Estado de pérdida Estado de daño No para préstamo Biblioteca de origen Biblioteca actual Ubicación en estantería Fecha de adquisición Fuente de adquisición Total de préstamos Signatura topográfica completa Código de barras Visto por última vez Precio de reemplazo Tipo de ítem Koha
        Biblioteca del Ateneo de Madrid Biblioteca del Ateneo de Madrid Depósito 2 17/01/2008     L-24435 1017717 23/02/2023 23/02/2023 Libro impreso